| 000 | 00827nas a2200289 4500 | ||
|---|---|---|---|
| 001 | BR2012008169 | ||
| 003 | BR-BrBNA | ||
| 005 | 20231205121619.0 | ||
| 007 | ta | ||
| 008 | 230509b bl.|||p| |||| 00| 00por d | ||
| 040 |
_aBR-BrBNA _bpor _cBiblioteca Nacional de Agricultura |
||
| 041 | _a(Pt) | ||
| 072 | _aF61; F04 | ||
| 100 | 1 | _aNovakowiski, J.H. | |
| 100 | 1 | _aSandini, I.E. | |
| 245 | 1 | _aNitrogênio complementar nas culturas do milho, soja e feijão | |
| 650 | _aNUTRIÇÃO VEGETAL | ||
| 650 | _aADUBAÇÃO | ||
| 650 | _aNITROGÊNIO | ||
| 650 | _aCULTIVAR | ||
| 650 | _aMILHO | ||
| 650 | _aSOJA | ||
| 650 | _aFEIJÃO | ||
| 773 | 0 |
_tRevista do Produtor Rural (Brazil) _xISSN 1984-0004 _g(Nov-Dec 2011), v. 5(28), p. 36-38 _wBR2012008169 |
|
| 909 |
_a202311 _bLúcia _c55 _dLúcia Elande |
||
| 942 |
_2AGRIS _n0 _cANA |
||
| 999 |
_c224388 _d224388 |
||